Tratado de los delitos y de las penas : precedida de una noticia sobre Beccaria /
Furkejuvvon:
| Váldodahkki: | |
|---|---|
| Eará dahkkit: | |
| Materiálatiipa: | Girji |
| Giella: | espánnjágiella |
| Almmustuhtton: |
México :
Porrúa,
2016, c2016
|
| Preanttus: | 18a edición, 4a reimpresión |
| Fáttát: | |
| Fáddágilkorat: |
Eai fáddágilkorat, Lasit vuosttaš fáddágilkora!
|
MARC
| LEADER | 00000nam^a2200000^a^4500 | ||
|---|---|---|---|
| 001 | 000393999 | ||
| 005 | 20250521000000.0 | ||
| 009 | 20260310121323.684 | ||
| 020 | |a 970-07-6262-9 | ||
| 037 | |a Acervo ITESO - Biblioteca | ||
| 041 | |a ESP | ||
| 082 | |a 345. 02 |b BEC | ||
| 100 | |a Beccaria, Cesare |e (autor) | ||
| 240 | 1 | 1 | |a [Tratado de los delitos y de las penas] |
| 245 | 1 | 0 | |a Tratado de los delitos y de las penas : |b precedida de una noticia sobre Beccaria / |c C. Beccaria. |
| 246 | 2 | |a Título en la cubierta: Tratado de los delitos y de las penas | |
| 250 | |a 18a edición, 4a reimpresión | ||
| 264 | 4 | |a México : |b Porrúa, |c 2016, c2016 | |
| 300 | |a XXIV, 254 p. | ||
| 336 | |a texto |b txt |2 rdacontenido | ||
| 337 | |a sin mediación |b n |2 rdamedio | ||
| 338 | |a volumen |b nc |2 rdasoporte | ||
| 500 | |a Traducción de: Dei Delittie e delle Pene | ||
| 500 | |a Traducción de: Commentaire sur le livre Des délits et des peines | ||
| 521 | |a 2017 BO Licenciatura en Derecho | ||
| 649 | |a XX | ||
| 650 | |a Delincuentes - |x Condiciones Jurídicas | ||
| 650 | |a Delitos - |x Teoría - |x Tema Principal | ||
| 650 | |a Pena (Derecho) - |x Teoría - |x Tema Principal | ||
| 650 | |a Ilustración (Filosofía) | ||
| 650 | |a Derechos Humanos - |x Teoría | ||
| 650 | |a Derecho Penal - |x Teoría | ||
| 650 | |a Derecho Público - |x Teoría | ||
| 740 | 0 | |a Comentario sobre el libro De los delitos y de las penas / |c Voltaire. | |
| 700 | |a Voltaire |e (autor) | ||
| 910 | |a Fondo General | ||
| 920 | |a Impresos - Libros | ||
| 930 | |a Colección General | ||
| 905 | |a 101 | ||
| 901 | |a 0500289080 |b IT1 |c ACC |i C155285 |u 20250521 | ||
| 901 | |a 0500289020 |b IT1 |c ACC |i C155286 |u 20250521 | ||
| 902 | |a https://opac.biblio.iteso.mx/vufind/Record/000393999 | ||